00580nam a2200193Ia 4500008004100000020001400041082001600055100001800071245002200089250000700111260003100118300002800149500001900177600003300196650001500229942000700244952012000251999001500371240925s9999 xx 000 0 und d a321010337 a808.042 TRI aTrimbur, John 4aThe Call to Write aNA aNew York:bLongmanc,1999. axiv,690p.bNAfOriginal aIncludes Index aHumanities & Natural Science aLiterature cBK 001040708HUMaUITUbUITUd2000-08-16eNAl1o808.042 TRIpQ2810r2025-11-03 09:45:10s2025-10-31w2024-09-25yBK c5309d5309